Can You Name The Streamer? (W/L comm) - Statistics

General Stats
  • This quiz has been taken 61 times
  • The average score is 12 of 16
Answer Stats
Picture Answer % Correct
kai cenat
100%
ishowspeed
98%
adin ross
94%
fanum
93%
lacy
80%
stable ronaldo
80%
plaqueboymax
76%
imdontai
74%
yourrage
74%
young dabo
70%
jasontheween
69%
brucedropemoff
63%
silky
57%
cuffem
48%
kaysan
48%
yusuf7n
31%
No matching quizzes found
Score Distribution
Percent of People with Each Score
Percentile by Number Answered
Your Score History
You have not taken this quiz